| 000 | 01746nam a2200277 a 4500 | ||
|---|---|---|---|
| 001 | BRCA_3025 | ||
| 005 | 20190320204056.0 | ||
| 008 | 200109s1752----fr-#---###---#000-0#fre-# | ||
| 041 | _afre | ||
| 044 | _afr | ||
| 084 |
_a339 _b.L53 _c1752 |
||
| 100 | 1 |
_aCervantes Saavedra, Miguel de _d1547-1616 _9213 |
|
| 245 | 1 | 0 |
_aHistoire de l´Admirable Don Quichotte _cMiguel de Cervantes Saavedra. |
| 260 |
_aParís _bLibraires associés _c1752 |
||
| 300 |
_a6 v. _c18 cm. |
||
| 500 | _aContenido : v 1. Primera parte. Advertencia del traductor. Prólogo del autor. Texto. -- v 2. Texto. -- v 3. Segunda parte. Texto. -- v 4. Texto. -- v 5. Primera parte de la continuación por el traductor. -- v 6. Segunda parte de la continuación por el traductor. Aprobación. Privilegio del Rey | ||
| 500 | _aEdición : Traduite de l´Espagnol de Michael de Cervantes. Nouvelle edition revueé corrigée et augmentée | ||
| 500 | _aEdición ajustada a la de 1713, impresa por la Compaigne des Libraires, con la novedad de contener la traducción del prólogo que Cervantes puso a la primera parte, del cual carecen las demás reimpresiones de la traducción de Filleau de Saint-Martin. Sin láminas. El traductor de dicho prólogo fue, según L. Rius, el afamado crítico Thémiseul de S. Hyacinthe, conocido bajo el pseudonimo de el Dr. Mathanasius. Piel; lomeras decoradas con dorados Lúdovik Osterc | ||
| 500 | _aEstado físico : Los volumenes uno, tres y cuatro de esta edición presentan la encuadernación deteriorada | ||
| 500 | _aQM266 | ||
| 546 | _aTexto en : francés | ||
| 700 | 1 |
_aSaint-Martin, Francois Filleau de _d1632-1695 _eTraductor _98322 |
|
| 740 | 0 | _aEl Ingenioso Hidalgo Don Quijote de la Mancha | |
| 902 | _aQFM | ||
| 942 |
_2lcc _cB |
||
| 999 |
_c2762 _d2762 |
||